Nominalismo frente a la depreciación constante de la moneda : (Registro nro. 5425)
[ vista simple ]
| 000 -LEADER | |
|---|---|
| fixed length control field | 01400nab a22002177a 4500 |
| 003 - CONTROL NUMBER IDENTIFIER | |
| control field | OSt |
| 005 - DATE AND TIME OF LATEST TRANSACTION | |
| control field | 20250407131508.0 |
| 008 - FIXED-LENGTH DATA ELEMENTS--GENERAL INFORMATION | |
| fixed length control field | 190506c xxu||||| |||| 00| 0 spa d |
| 040 ## - CATALOGING SOURCE | |
| Transcribing agency | PJ |
| 100 ## - MAIN ENTRY--PERSONAL NAME | |
| 9 (RLIN) | 5209 |
| Personal name | Magnano, Marina G. |
| 245 13 - TITLE STATEMENT | |
| Title | Nominalismo frente a la depreciación constante de la moneda : |
| Remainder of title | una mirada desde el derecho laboral / |
| Statement of responsibility, etc | Marina G. Magnano, Fernando D. Ramallo. |
| 260 ## - PUBLICATION, DISTRIBUTION, ETC. (IMPRINT) | |
| Place of publication, distribution, etc | Buenos Aires : |
| Name of publisher, distributor, etc | AbeledoPerrot, |
| Date of publication, distribution, etc | 2025. |
| 300 ## - PHYSICAL DESCRIPTION | |
| Extent | p 35-41 |
| 500 ## - GENERAL NOTE | |
| General note | TR LALEY AR/DOC/82/2025. |
| 505 ## - FORMATTED CONTENTS NOTE | |
| Formatted contents note | Sumario: I. Introducción.— II. Principio nominalista. ¿Sigue vigente? ¿Se puede sostener la vigencia de un nominalismo absoluto?— III. Consecuencias del principio nominalista. Corte Suprema de Justicia. Suprema Corte de Buenos Aires. Tribunal Superior de Córdoba.— IV. Análisis de las distintas propuestas de solución.— V. Corte Suprema de Justicia de la Nación. Límites.— VI. Reglamentación del Banco Central.— VII. Ley de Riesgos del Trabajo. Particular caso del DNU 669/2018 y las res. SSN 1039/2019 y 332.— VIII. Conclusión. |
| 505 ## - FORMATTED CONTENTS NOTE | |
| Title | ¿Te interesa el texto completo? Comunicate al correo: koha@justierradelfuego.gov.ar |
| 650 #0 - SUBJECT ADDED ENTRY--TOPICAL TERM | |
| 9 (RLIN) | 1316 |
| Topical term or geographic name as entry element | DERECHO LABORAL |
| 700 ## - ADDED ENTRY--PERSONAL NAME | |
| 9 (RLIN) | 6444 |
| Personal name | Ramallo, Fernando D. |
| 773 0# - HOST ITEM ENTRY | |
| Host Biblionumber | 2751 |
| Host Itemnumber | 3202 |
| Place, publisher, and date of publication | Buenos Aires : AbeledoPerrot, 2013- |
| Title | Revista de derecho laboral y seguridad social. Nº 3 - Febrero 2025 |
| 942 ## - ADDED ENTRY ELEMENTS (KOHA) | |
| Source of classification or shelving scheme | |
| Koha item type | Analítica Artículo de Revista |
No hay ítems disponibles.
